Príťažlivé Markušovce

Bibliographic Details
Main Author: Gablík, Ivan (Author)
Format: Article
Language:Slovak
Subjects:

MARC

LEADER 00000nab a2200000 a 4500
001 vtls001018469
003 SK-MaSNL
005 20260305040219.0
008 250505e19970000xo 0 slo
035 |a SN4410 
035 |a urn:nbn:sk:snk-ab2vob 
035 |a (urnnbn)urn:nbn:sk:snk:ar-a0309p 
035 |a (uuid)004ad505-a0dd-4610-bc6c-730928d59d71 
040 |a SNKBUCL  |b slo  |c SNKBUCL  |e AACR2 
041 0 |a slo 
044 |a xo  |c SK 
080 |a 728.8  |2 1981 
080 |a 726.54  |2 1981 
100 1 |a Gablík, Ivan  |4 aut  |9 1033565 
245 1 0 |a Príťažlivé Markušovce 
650 0 7 |a kultúrne pamiatky  |2 SNSK  |9 2862 
650 0 7 |a kaštiele  |2 SNSK  |9 28599 
650 0 7 |a hrady  |2 SNSK  |9 3039 
650 0 7 |a kostoly  |2 SNSK  |9 3023 
651 7 |a Markušovce (Slovensko)  |2 SNSK  |9 31735 
651 7 |a Spišská Nová Ves (Slovensko : okres)  |2 SNSK  |9 22259 
773 0 |t Krásy Slovenska  |g Roč. 74, č. 9-10 (1997) 
850 |a Slovenská národná knižnica 
852 |a Slovenská národná knižnica 
954 |a odborná, vedecká literatúra pôvodná (slovenská)  |2 lita 
958 |a article27 
958 |a OND 
958 |a EUIPO 
999 |c 3337270  |d 3339200